[Event "Tenerife-chT Segunda"]
[Site "Tenerife"]
[Date "2023.02.04"]
[Round "4.2"]
[White "Mendoza de Leon, Alvaro"]
[Black "Martin Lucilla, Antonio Nicolas"]
[Result "1-0"]
[WhiteElo "1383"]
[BlackElo "1499"]
[PlyCount "63"]
[EventDate "2023.01.14"]
[EventType "team-tourn"]
[EventRounds "14"]
[EventCountry "ESP"]
[SourceTitle "EXT 2024"]
[Source "ChessBase"]
[SourceDate "2023.10.10"]
[SourceVersion "1"]
[SourceVersionDate "2023.10.10"]
[SourceQuality "1"]
[WhiteTeam "Puerto de la Cruz Piratas II"]
[BlackTeam "La Victoria 94 II"]
[WhiteTeamCountry "ESP"]
[BlackTeamCountry "ESP"]

1. e4 e6 2. d4 d5 3. Bd3 c5 4. c3 Nc6 5. Nf3 dxe4 6. Bxe4 Nf6 7. Bxc6+ bxc6 8. 0-0 Qc7 9. Na3 Ba6 10. Re1 Bd6 11. Bg5 h6 12. Bh4 g5 13. Bg3 0-0-0 14. Ne5 Nh5 15. Qxh5 cxd4 16. Nxf7 Bxg3 17. hxg3 d3 18. Nxh8 d2 19. Re3 Rxh8 20. Rd1 Qd7 21. Nb1 Qd5 22. Nxd2 Qxa2 23. Qf7 Rd8 24. Ree1 Qxb2 25. Qxe6+ Kc7 26. Nc4 Bxc4 27. Qxc4 Rxd1 28. Rxd1 Qc2 29. Re1 a5 30. Qc5 a4 31. Re7+ Kd8 32. Qd6+ 1-0

[Event "Santa Cruz Christmas op 32nd"]
[Site "Santa Cruz"]
[Date "2022.12.29"]
[Round "9"]
[White "Martin Lucilla, Antonio Nicolas"]
[Black "Brewer Hoyos, Jose Ricardo"]
[Result "1-0"]
[WhiteElo "1532"]
[BlackElo "1177"]
[PlyCount "51"]
[EventDate "2022.12.15"]
[EventType "swiss"]
[EventRounds "9"]
[EventCountry "ESP"]
[SourceTitle "EXT 2024"]
[Source "ChessBase"]
[SourceDate "2023.10.10"]
[SourceVersion "1"]
[SourceVersionDate "2023.10.10"]
[SourceQuality "1"]

1. c4 Nf6 2. d4 d6 3. g3 Nbd7 4. Bg2 c5 5. d5 Rb8 6. Nc3 g6 7. Nf3 Bg7 8. 0-0 0-0 9. Re1 a6 10. a4 Qc7 11. e4 Nb6 12. Nd2 Ng4 13. Qe2 Ne5 14. f4 Ng4 15. Nf3 e5 16. h3 Nh6 17. fxe5 dxe5 18. a5 Nd7 19. Be3 f5 20. Ng5 Nf6 21. Qd2 Nf7 22. Ne6 Bxe6 23. dxe6 Nd8 24. Nd5 Nxd5 25. Qxd5 Rc8 26. e7+ 1-0

[Event "Santa Cruz Christmas op 32nd"]
[Site "Santa Cruz"]
[Date "2022.12.27"]
[Round "7"]
[White "Martin Lucilla, Antonio Nicolas"]
[Black "Camacho Hernandez, Francisco"]
[Result "0-1"]
[WhiteElo "1532"]
[BlackElo "1693"]
[PlyCount "84"]
[EventDate "2022.12.15"]
[EventType "swiss"]
[EventRounds "9"]
[EventCountry "ESP"]
[SourceTitle "EXT 2024"]
[Source "ChessBase"]
[SourceDate "2023.10.10"]
[SourceVersion "1"]
[SourceVersionDate "2023.10.10"]
[SourceQuality "1"]

1. d4 Nf6 2. c4 c6 3. Nf3 g6 4. g3 Bg7 5. Bg2 0-0 6. 0-0 d6 7. Nc3 Nbd7 8. e4 Qc7 9. b4 a5 10. bxa5 Rxa5 11. a4 e5 12. dxe5 dxe5 13. Ba3 Re8 14. Bd6 Qd8 15. Bb4 Ra8 16. Qe2 Bf8 17. Bxf8 Kxf8 18. Qd2 Kg7 19. Nh4 Nc5 20. Qg5 h6 21. Qe3 Qd4 22. Rae1 Be6 23. f4 Bxc4 24. fxe5 Qxe3+ 25. Rxe3 Ng4 26. Rfe1 Nxe3 27. Rxe3 Nxa4 28. Ne2 Bxe2 29. Rxe2 Rxe5 30. Nf3 Rc5 31. e5 Nc3 32. Re1 Rd8 33. Kf2 b5 34. e6 fxe6 35. Rxe6 b4 36. Bh3 Rf8 37. Ke1 Nd5 38. Ne5 Rf6 39. Re8 Rc3 40. Be6 Re3+ 41. Kd2 Rxe5 42. Rg8+ Kh7 0-1

[Event "Tenerife-ch"]
[Site "Santa Cruz"]
[Date "2022.05.04"]
[Round "7"]
[White "Martin Lucilla, Antonio Nicolas"]
[Black "Paredes Zubeldia, Marisol"]
[Result "1-0"]
[WhiteElo "1544"]
[BlackElo "1150"]
[PlyCount "79"]
[EventDate "2022.04.20"]
[EventType "swiss"]
[EventRounds "9"]
[EventCountry "ESP"]
[SourceTitle "EXT 2023"]
[Source "ChessBase"]
[SourceDate "2022.10.05"]
[SourceVersion "1"]
[SourceVersionDate "2022.10.05"]
[SourceQuality "1"]

1. d4 d5 2. c4 c6 3. e3 e6 4. a3 Nf6 5. Nc3 g6 6. Bd3 Bg7 7. Nf3 0-0 8. 0-0 b6 9. Rb1 Qc7 10. cxd5 exd5 11. Bd2 Re8 12. Rc1 a6 13. Qb3 Be6 14. Qa4 Nbd7 15. e4 dxe4 16. Nxe4 b5 17. Qc2 Bc4 18. Nxf6+ Nxf6 19. Bxc4 bxc4 20. Qxc4 Rec8 21. Rfe1 a5 22. Ne5 c5 23. dxc5 Re8 24. Nf3 Bf8 25. Bc3 Nh5 26. Be5 Qa7 27. c6 Bg7 28. Rcd1 Bxe5 29. Nxe5 Rac8 30. Rd7 Re7 31. Rxa7 Rxa7 32. Rd1 Nf6 33. h3 Kg7 34. Rc1 Re7 35. Qc5 Rec7 36. Qxa5 Nd7 37. Nxd7 Rxd7 38. Qc3+ f6 39. cxd7 Rxc3 40. Rxc3 1-0

[Event "Tenerife-chT Primera"]
[Site "Tenerife"]
[Date "2022.04.30"]
[Round "10.4"]
[White "Martin Lucilla, Antonio Nicolas"]
[Black "Rosario Panina, Andrey"]
[Result "1-0"]
[WhiteElo "1546"]
[BlackElo "1533"]
[PlyCount "57"]
[EventDate "2022.01.29"]
[EventType "team-tourn"]
[EventRounds "14"]
[EventCountry "ESP"]
[SourceTitle "EXT 2024"]
[Source "ChessBase"]
[SourceDate "2023.10.10"]
[SourceVersion "1"]
[SourceVersionDate "2023.10.10"]
[SourceQuality "1"]
[WhiteTeam "La Victoria 94"]
[BlackTeam "El Sauzal II"]
[WhiteTeamCountry "ESP"]
[BlackTeamCountry "ESP"]

1. d4 Nf6 2. Nf3 g6 3. c4 Bg7 4. Nc3 0-0 5. e4 d6 6. g3 e5 7. Bg2 Nc6 8. d5 Ne7 9. b4 Nd7 10. h4 f5 11. Ng5 Nf6 12. Bf3 h5 13. Ne6 Bxe6 14. dxe6 Qc8 15. Nd5 Nexd5 16. exd5 e4 17. Be2 a5 18. Rb1 axb4 19. Rxb4 b6 20. Ra4 Qb7 21. 0-0 Rxa4 22. Qxa4 Ra8 23. Qb3 Qa7 24. a3 Ng4 25. Bxg4 hxg4 26. Bb2 Bxb2 27. Qxb2 Rf8 28. e7 Re8 29. Qf6 1-0

[Event "Santa Cruz de Tenerife op 31st"]
[Site "Santa Cruz de Tenerife"]
[Date "2021.12.27"]
[Round "7"]
[White "Martin Lucilla, Antonio Nicolas"]
[Black "De la Paz Barreto, Aaron"]
[Result "1/2-1/2"]
[WhiteElo "1546"]
[BlackElo "1235"]
[PlyCount "38"]
[EventDate "2021.12.14"]
[EventType "swiss"]
[EventRounds "9"]
[EventCountry "ESP"]
[SourceTitle "CBM 206 Extra"]
[Source "ChessBase"]
[SourceDate "2022.03.31"]
[SourceVersion "1"]
[SourceVersionDate "2022.03.31"]
[SourceQuality "1"]

1. d4 Nf6 2. Bg5 e6 3. e4 Be7 4. Bd3 b6 5. e5 Nd5 6. Bxe7 Nxe7 7. f4 Bb7 8. Qg4 Ng6 9. Nf3 Nc6 10. Nc3 Nb4 11. Bxg6 hxg6 12. 0-0-0 Nd5 13. Nxd5 Bxd5 14. Kb1 Qe7 15. Rc1 Qb4 16. a3 Qc4 17. b3 Qc3 18. Rce1 a5 19. Ng5 Bxb3 1/2-1/2

[Event "Tenerife-chT Primera"]
[Site "Tenerife"]
[Date "2021.10.09"]
[Round "14.4"]
[White "Gil Ojeda, Lucia"]
[Black "Martin Lucilla, Antonio Nicolas"]
[Result "0-1"]
[WhiteElo "1600"]
[BlackElo "1546"]
[PlyCount "98"]
[EventDate "2021.02.27"]
[EventType "team-tourn"]
[EventRounds "14"]
[EventCountry "ESP"]
[SourceTitle "EXT 2023"]
[Source "ChessBase"]
[SourceDate "2022.10.05"]
[SourceVersion "1"]
[SourceVersionDate "2022.10.05"]
[SourceQuality "1"]
[WhiteTeam "Fundacion La Caja de Canarias II"]
[BlackTeam "La Victoria 94"]
[WhiteTeamCountry "ESP"]
[BlackTeamCountry "ESP"]

1. e4 e6 2. d4 d5 3. Nd2 c5 4. exd5 Qxd5 5. dxc5 Bxc5 6. Ngf3 Nf6 7. Bc4 Qd6 8. 0-0 0-0 9. Qe2 Nbd7 10. a3 Re8 11. Ne4 Nxe4 12. Qxe4 Nf6 13. Qh4 e5 14. Ng5 Be6 15. Nxe6 fxe6 16. Bg5 Rf8 17. Rad1 Qc6 18. Bd3 e4 19. Bxf6 exd3 20. Be5 dxc2 21. Rc1 Qd5 22. Qg3 Rf7 23. Rxc2 Bb6 24. Rcc1 Raf8 25. h3 Qd2 26. Rb1 Bxf2+ 27. Rxf2 Qxf2+ 28. Qxf2 Rxf2 29. b4 Ra2 30. Rb2 Ra1+ 31. Kh2 Re1 32. Bc3 Ra1 33. Re2 Rxa3 34. Bd4 Ra6 35. b5 Ra5 36. Rxe6 Rxb5 37. Re7 Rg5 38. h4 Rg4 39. Be5 a5 40. Kh3 Rg6 41. h5 Rg5 42. Kh4 Rxe5 43. Rxe5 b6 44. Rb5 Rb8 45. Kg4 a4 46. Kf4 a3 47. Rb3 Ra8 48. Rb1 a2 49. Ra1 Kf7 0-1

[Event "Tenerife-chT Primera"]
[Site "Tenerife"]
[Date "2021.06.06"]
[Round "9.3"]
[White "Cabrera Gomez, Tomas"]
[Black "Martin Lucilla, Antonio Nicolas"]
[Result "1-0"]
[WhiteElo "1644"]
[BlackElo "1546"]
[PlyCount "45"]
[EventDate "2021.02.27"]
[EventType "team-tourn"]
[EventRounds "14"]
[EventCountry "ESP"]
[SourceTitle "EXT 2023"]
[Source "ChessBase"]
[SourceDate "2022.10.05"]
[SourceVersion "1"]
[SourceVersionDate "2022.10.05"]
[SourceQuality "1"]
[WhiteTeam "Ebano Barrio Nuevo II"]
[BlackTeam "La Victoria 94"]
[WhiteTeamCountry "ESP"]
[BlackTeamCountry "ESP"]

1. e4 e5 2. Nf3 Nf6 3. Nc3 Nc6 4. Bb5 Bb4 5. d3 0-0 6. 0-0 Bxc3 7. bxc3 d6 8. h3 Bd7 9. Bg5 Qc8 10. Bxc6 bxc6 11. Bxf6 gxf6 12. Kh2 Kh8 13. Nh4 f5 14. exf5 Bxf5 15. f4 exf4 16. Rxf4 Bg6 17. Qf3 Qd7 18. Rf1 Kg8 19. Qf2 a5 20. Nf5 c5 21. Qh4 Bxf5 22. Rxf5 Qe6 23. Rh5 1-0

[Event "Santa Cruz de Tenerife Autumn op"]
[Site "Santa Cruz de Tenerife"]
[Date "2019.10.16"]
[Round "1"]
[White "Perez Perez, Gabriel"]
[Black "Martin Lucilla, Antonio Nicolas"]
[Result "1-0"]
[WhiteElo "2087"]
[BlackElo "1517"]
[PlyCount "55"]
[EventDate "2019.10.16"]
[EventType "swiss"]
[EventRounds "9"]
[EventCountry "ESP"]
[SourceTitle "CBM 192 Extra"]
[Source "Chessbase"]
[SourceDate "2019.11.06"]
[SourceVersion "1"]
[SourceVersionDate "2019.11.06"]
[SourceQuality "1"]

1. e4 c5 2. Nf3 Nc6 3. d4 cxd4 4. Nxd4 Nxd4 5. Qxd4 e6 6. Nc3 Ne7 7. Bf4 Nc6 8. Qd2 a6 9. 0-0-0 b5 10. Nd5 e5 11. Be3 Rb8 12. f4 Be7 13. fxe5 Nxe5 14. Qc3 f6 15. Bb6 Rxb6 16. Nxb6 Nc6 17. Nxc8 Qxc8 18. g3 0-0 19. Bh3 Rd8 20. Rd5 b4 21. Qb3 Kh8 22. Rhd1 Ne5 23. Qa4 Qc4 24. R5d4 Qe2 25. Bxd7 Qe3+ 26. Kb1 Nf3 27. R4d3 Ne5 28. Rxe3 1-0

[Event "Tenerife-chT Segunda-B 1819"]
[Site "Tenerife"]
[Date "2019.05.25"]
[Round "16.1"]
[White "Martin Lucilla, Antonio Nicolas"]
[Black "Gallardo Jimenez, Juan Manuel"]
[Result "1/2-1/2"]
[WhiteElo "1511"]
[BlackElo "1280"]
[PlyCount "78"]
[EventDate "2018.11.24"]
[EventType "team-tourn"]
[EventRounds "18"]
[EventCountry "ESP"]
[SourceTitle "EXT 2021"]
[Source "ChessBase"]
[SourceDate "2020.10.23"]
[SourceVersion "1"]
[SourceVersionDate "2020.10.23"]
[SourceQuality "1"]
[WhiteTeam "Circulo de Amistad XII Enero III"]
[BlackTeam "La Victoria 94 III"]
[WhiteTeamCountry "ESP"]
[BlackTeamCountry "ESP"]

1. Nf3 d5 2. d4 b6 3. c4 e6 4. a3 a5 5. Bf4 Bd6 6. Bxd6 Qxd6 7. e3 Ba6 8. b3 Ne7 9. Bd3 dxc4 10. bxc4 Nd7 11. 0-0 h6 12. Nc3 0-0 13. Qe2 c5 14. Nb5 Bxb5 15. cxb5 Rac8 16. Rfd1 Nd5 17. Rd2 cxd4 18. Nxd4 Rc7 19. Nc6 Nc5 20. Bc2 Rxc6 21. bxc6 Qxc6 22. Rc1 Qb7 23. Qf3 Rc8 24. Rcd1 Kf8 25. e4 Nf6 26. Rd8+ Rxd8 27. Rxd8+ Ke7 28. Rd2 Nfxe4 29. Bxe4 Qxe4 30. Qd1 a4 31. h3 b5 32. Rd8 Qe5 33. Ra8 Kf6 34. Qf3+ Kg6 35. Ra7 f5 36. h4 Qe1+ 37. Kh2 Qe5+ 38. Kg1 Qe1+ 39. Kh2 Qe5+ 1/2-1/2

[Event "Tenerife-chT Segunda 1718"]
[Site "Tenerife"]
[Date "2018.03.03"]
[Round "11.3"]
[White "Martin Lucilla, Antonio Nicolas"]
[Black "Marconi Saltari, Carlos Alberto"]
[Result "1-0"]
[WhiteElo "1510"]
[BlackElo "1190"]
[PlyCount "61"]
[EventDate "2017.11.11"]
[EventType "team-tourn"]
[EventRounds "14"]
[EventCountry "ESP"]
[SourceTitle "EXT 2019"]
[Source "ChessBase"]
[SourceDate "2018.10.10"]
[SourceVersion "1"]
[SourceVersionDate "2018.10.10"]
[SourceQuality "1"]
[WhiteTeam "Circulo de Amistad XII Enero"]
[BlackTeam "La Victoria 94 "]
[WhiteTeamCountry "ESP"]
[BlackTeamCountry "ESP"]

1. Nf3 d5 2. g3 Bg4 3. Bg2 Bxf3 4. Bxf3 Nf6 5. d4 Nc6 6. Nc3 e6 7. a3 h6 8. e4 dxe4 9. Nxe4 Nxe4 10. Bxe4 Qd7 11. c3 f5 12. Qh5+ Qf7 13. Bxc6+ bxc6 14. Qf3 Qd7 15. 0-0 g6 16. Re1 0-0-0 17. Qe2 Kb7 18. Qxe6 Qxe6 19. Rxe6 Rd6 20. Re8 Bg7 21. Rxh8 Bxh8 22. Bxh6 Bf6 23. Re1 g5 24. Bf8 Rd8 25. Be7 Bxe7 26. Rxe7 Rf8 27. Re5 g4 28. Kg2 f4 29. gxf4 Rxf4 30. Re2 Rf3 31. Re4 1-0

[Event "Santa Cruz de Tenerife Autumn op"]
[Site "Santa Cruz de Tenerife"]
[Date "2017.10.13"]
[Round "3"]
[White "Hernandez Leon, Alberto"]
[Black "Martin Lucilla, Antonio Nicolas"]
[Result "1-0"]
[WhiteElo "2239"]
[BlackElo "1510"]
[PlyCount "31"]
[EventDate "2017.10.09"]
[EventType "swiss"]
[EventRounds "9"]
[EventCountry "ESP"]
[SourceTitle "CBM 181 Extra"]
[Source "ChessBase"]
[SourceDate "2017.12.12"]
[SourceVersion "1"]
[SourceVersionDate "2017.12.12"]
[SourceQuality "1"]

1. Nf3 Nf6 2. d4 d5 3. c4 e6 4. g3 Be7 5. Bg2 0-0 6. 0-0 b6 7. cxd5 exd5 8. Nc3 Ne4 9. Nxe4 dxe4 10. Ne5 Bb7 11. Qc2 Na6 12. Bxe4 Nb4 13. Bxh7+ Kh8 14. Qf5 Qd5 15. e4 Qe6 16. Qh5 1-0

[Event "Tenerife-chT Primera"]
[Site "Tenerife"]
[Date "2015.04.18"]
[Round "9.4"]
[White "Perez Perez, Gabriel"]
[Black "Martin Lucilla, Antonio Nicolas"]
[Result "1-0"]
[WhiteElo "1552"]
[BlackElo "1968"]
[PlyCount "53"]
[EventDate "2015.01.24"]
[EventType "swiss"]
[EventRounds "14"]
[EventCountry "ESP"]
[SourceTitle "EXT 2024"]
[Source "ChessBase"]
[SourceDate "2023.10.10"]
[SourceVersion "1"]
[SourceVersionDate "2023.10.10"]
[SourceQuality "1"]
[WhiteTeam "Laguna Cotelec II"]
[BlackTeam "La Victoria 94"]
[WhiteTeamCountry "ESP"]
[BlackTeamCountry "ESP"]

1. e4 c5 2. Nf3 d6 3. d4 cxd4 4. Nxd4 Nc6 5. Be3 Nf6 6. f3 e6 7. Nc3 Be7 8. Qd2 Bd7 9. 0-0-0 a6 10. g4 b5 11. h4 b4 12. Nce2 Nxd4 13. Nxd4 Qa5 14. Bc4 d5 15. exd5 Nxd5 16. Bxd5 Qxd5 17. Nb3 Bc6 18. Qh2 Qxf3 19. Bd4 0-0 20. Rhf1 Qg2 21. Qe5 f6 22. Qxe6+ Kh8 23. Qxe7 h5 24. Rg1 Qf3 25. Rdf1 Qd5 26. Rf5 Qc4 27. Rc5 1-0